Pride and prejudice / (Record no. 368467)
[ view plain ]
| 000 -LEADER | |
|---|---|
| fixed length control field | 01240nam a22002537a 4500 |
| 003 - CONTROL NUMBER IDENTIFIER | |
| control field | 0 |
| 005 - DATE AND TIME OF LATEST TRANSACTION | |
| control field | 20251105104429.0 |
| 008 - FIXED-LENGTH DATA ELEMENTS--GENERAL INFORMATION | |
| fixed length control field | 251105b xxu||||| |||| 00| 0 eng d |
| 020 ## - INTERNATIONAL STANDARD BOOK NUMBER | |
| International Standard Book Number | 978-1-84749-369-9 |
| 050 ## - LIBRARY OF CONGRESS CALL NUMBER | |
| Classification number | PR 4034 |
| Item number | .A93 2023 |
| 100 ## - MAIN ENTRY--PERSONAL NAME | |
| Personal name | Austen, Jane, |
| Dates associated with a name | 1775-1817, |
| Relator term | author. |
| 245 ## - TITLE STATEMENT | |
| Title | Pride and prejudice / |
| Statement of responsibility, etc | Jane Austen. |
| 260 ## - PUBLICATION, DISTRIBUTION, ETC. (IMPRINT) | |
| Place of publication, distribution, etc | Richmond : |
| Name of publisher, distributor, etc | Alma Classics, |
| Date of publication, distribution, etc | 2023. |
| 300 ## - PHYSICAL DESCRIPTION | |
| Extent | 311 pages ; |
| Dimensions | 20 cm. |
| 500 ## - GENERAL NOTE | |
| General note | Originally published in 1813.<br/>Includes introduction and notes.<br/>This edition includes additional materials such as author biography and discussion questions. |
| 504 ## - BIBLIOGRAPHY, ETC. NOTE | |
| Bibliography, etc | Includes bibliographical references. |
| 520 ## - SUMMARY, ETC. | |
| Summary, etc | One of the most beloved novels in English literature, this classic tells the story of Elizabeth Bennet, a spirited young woman navigating issues of manners, upbringing, morality, and marriage in early 19th-century England. Her wit and independence clash with the proud Mr. Darcy, leading to a timeless tale of love, misunderstanding, and personal growth. |
| 546 ## - LANGUAGE NOTE | |
| Language note | In English. |
| 650 ## - SUBJECT ADDED ENTRY--TOPICAL TERM | |
| Topical term or geographic name as entry element | Young women |
| Geographic subdivision | England |
| Form subdivision | Fiction. |
| 650 ## - SUBJECT ADDED ENTRY--TOPICAL TERM | |
| Topical term or geographic name as entry element | Social classes |
| Geographic subdivision | England |
| Form subdivision | Fiction. |
| 650 ## - SUBJECT ADDED ENTRY--TOPICAL TERM | |
| Topical term or geographic name as entry element | Courtship |
| Geographic subdivision | England |
| Form subdivision | Fiction. |
| 830 ## - SERIES ADDED ENTRY--UNIFORM TITLE | |
| Uniform title | Alma Classics. |
| 942 ## - ADDED ENTRY ELEMENTS (KOHA) | |
| Source of classification or shelving scheme | Library of Congress Classification |
| Koha item type | Books |
| Withdrawn status | Lost status | Source of classification or shelving scheme | Damaged status | Home library | Current library | Shelving location | Date acquired | Source of acquisition | Sub Shelving location | Total Checkouts | Full call number | Barcode | Date last seen | Price effective from | Koha item type |
|---|---|---|---|---|---|---|---|---|---|---|---|---|---|---|---|
| Library of Congress Classification | Luxembourg Library | Luxembourg Library | Classic Section | 11/19/2024 | Library Fund | PR 4034 .A93 2023 | 21427 | 11/05/2025 | 11/05/2025 | Books |